000 01406nam2a2200289 4500
001 RU\NLR\bibl\1727755
005 20250616074604.0
010 _a978-5-7568-0824-7
_91000
021 _aRU
_b2010-104891
_97086
035 _a(NLR Aleph) 001718720
090 _a1326036
_c1326036
100 _a20110127d2010 |||y0rusy50 ca
101 0 _arus
102 _aRU
105 _aa |||||||||
200 0 _aТ. 2
210 _d2010
_aБ. м.
215 _a221 с.
_cил.
320 _aБиблиогр.: с. 165-175 (359 назв.)
320 _aСистемный предм.-имен. хронол. указ.: с. 176-209
320 _aИмен. указ.: с. 210-218
461 0 _1001RU\NLR\bibl\1780785
_12001#$aИстория и закономерности развития техники, законы строения, функционирования и развития технических объектов и систем$vТ. 2
_91640982
_aДятчин, Н. И.
_cБарнаул
_d2010
_fН.И. Дятчин
_nИзд-во АлтГТУ
_o[в 2 т.]
_tИстория и закономерности развития техники, законы строения, функционирования и развития технических объектов и систем
_vТ. 2
801 0 _aRU
_bNLR
_c20110127
_gRCR
801 1 _aRU
_bNLR
_c20110127
942 _cBOOK
980 _aNB